Introductory quantum mechanics (Record no. 7807)
[ view plain ]
| 000 -LEADER | |
|---|---|
| fixed length control field | 00547 a2200181 4500 |
| 020 ## - INTERNATIONAL STANDARD BOOK NUMBER | |
| International Standard Book Number | 0805387145 |
| 040 ## - CATALOGING SOURCE | |
| Original cataloging agency | DLC |
| Language of cataloging | DLC |
| 082 04 - DEWEY DECIMAL CLASSIFICATION NUMBER | |
| Classification number | 530.12 |
| 100 1# - MAIN ENTRY--PERSONAL NAME | |
| Personal name | Liboff, Richard L., |
| 245 10 - TITLE STATEMENT | |
| Title | Introductory quantum mechanics |
| Statement of responsibility, etc. | Richard L. Liboff. |
| 246 30 - VARYING FORM OF TITLE | |
| Title proper/short title | Quantum mechanics |
| 250 ## - EDITION STATEMENT | |
| Edition statement | 4th ed. |
| 260 ## - PUBLICATION, DISTRIBUTION, ETC. | |
| Place of publication, distribution, etc. | Islamabad : |
| Name of publisher, distributor, etc. | National Bokk Foundation, |
| 300 ## - PHYSICAL DESCRIPTION | |
| Extent | xvii, 878 p. : |
| Other physical details | ill. ; |
| Dimensions | 25 cm. |
| 650 #0 - SUBJECT ADDED ENTRY--TOPICAL TERM | |
| Topical term or geographic name entry element | Quantum theory. |
| 856 41 - ELECTRONIC LOCATION AND ACCESS | |
| Materials specified | Table of contents |
| Uniform Resource Identifier | <a href="http://www.loc.gov/catdir/toc/fy034/2002511525.html">http://www.loc.gov/catdir/toc/fy034/2002511525.html</a> |
| 942 ## - ADDED ENTRY ELEMENTS (KOHA) | |
| Koha item type | Book |
| Call number prefix | 530.12 LIB |
| Source of classification or shelving scheme | |
| Withdrawn status | Lost status | Damaged status | Not for loan | Collection code | Permanent Location | Current Location | Shelving location | Date acquired | Source of acquisition | Cost, normal purchase price | Total Checkouts | Full call number | Barcode | Date last seen | Date last checked out | Price effective from | Koha item type | Total Renewals |
|---|---|---|---|---|---|---|---|---|---|---|---|---|---|---|---|---|---|---|
| Central Library (CL) | Central Library (CL) | General Stacks | 05/19/2004 | Donation | 0.00 | 3 | 530.12 LIB | SEECS004501 | 06/28/2021 | 12/09/2019 | 01/05/2017 | Book | ||||||
| Central Library (CL) | Central Library (CL) | General Stacks | 06/30/2022 | Donation | 0.00 | 3 | 530.12 LIB | SEECS004984 | 07/05/2022 | 11/06/2019 | 01/05/2017 | Book | 1 | |||||
| Central Library (CL) | Central Library (CL) | General Stacks | 03/06/2008 | Donation | 530.12 LIB | SEECS003664 | 11/14/2012 | 01/05/2017 | Book |
